| 000 | 00421nam a22001811a 4500 | ||
|---|---|---|---|
| 001 | 19454 | ||
| 003 | OSt | ||
| 005 | 20260204212454.0 | ||
| 008 | 190605s2004||||ck ||||||b||||||||||spa|| | ||
| 020 | _a9583013781 | ||
| 082 | _a796.334 H855f | ||
| 100 | _aHowe, Ian | ||
| 245 | _aFútbol/Ian Howe | ||
| 264 | _aBogotá,Colombia:Editorial Panamericana | ||
| 300 | _a95 Páginas | ||
| 650 | _aFútbolÌ | ||
| 942 |
_2ddc _cBK |
||
| 999 |
_c19454 _d19454 |
||